Countries With Only Two A's - Statistics

General Stats
  • This quiz has been taken 109 times
    65 since last reset
  • The average score is 32 of 51
Answer Stats
Continent Country % Correct
Africa Algeria
87%
Africa Angola
87%
South America Argentina
87%
Europe Austria
81%
Europe Andorra
79%
Europe Croatia
75%
Asia Japan
75%
Europe Romania
74%
Asia Pakistan
72%
Asia Thailand
72%
North America Barbados
70%
Europe Latvia
70%
Europe Bulgaria
68%
Europe Lithuania
68%
Oceania New Zealand
68%
Africa South Africa
68%
Asia Armenia
66%
Asia Cambodia
66%
Africa Namibia
64%
Asia Qatar
64%
North America Costa Rica
62%
Africa Malawi
62%
Oceania Palau
62%
Europe Slovakia
62%
Africa Zambia
62%
Asia Bahrain
60%
Asia Bangladesh
60%
Africa Ghana
60%
South America Guyana
60%
Africa Botswana
58%
North America Grenada
58%
North America Saint Lucia
58%
Oceania Samoa
58%
Europe San Marino
58%
Africa Uganda
58%
Oceania Vanuatu
58%
Africa Rwanda
57%
Africa Gambia
55%
Africa Guinea-Bissau
55%
Europe Macedonia
55%
Asia Myanmar
55%
Asia Taiwan
55%
Asia Tajikistan
55%
Africa Burkina Faso
53%
North America El Salvador
53%
North America Saint Kitts and Nevis
53%
Europe Vatican City
53%
Europe Malta
51%
Africa Somalia
49%
Africa Sao Tome and Principe
47%
Asia Sri Lanka
43%
No matching quizzes found
Score Distribution
Percent of People with Each Score
Percentile by Number Answered
Your Score History
You have not taken this quiz since the last reset